Zur syntaktischen Struktur des griechischen (Infinitiv und Nebensatz) /

Hlavní autor: Kurzová, Helena, 1936-
Jazyk: Němčina
Řečtina, starověká (do 1453)
Vydáno: Praha : Academia, 1968
Vydání: 1. vyd.
Fyzický popis: 126 s. ; 8°
Knihy
Uloženo v:
LEADER 00864nam a22002772a 4500
001 001333482
003 CZ BrMZK
005 20131007132025.0
007 ta
008 131007s1968 xr er|||||||||||ger d
015 |a cnb000447381 
035 |a (OCoLC)42179165 
040 |a ABA001  |b cze  |c PNA001  |d ABA001  |d BOA001 
041 0 |a ger  |a grc 
080 |a 807.74-56:801.561.721+801.254.1(021)=3 
100 1 |a Kurzová, Helena,  |d 1936-  |7 jk01071028  |4 aut 
245 1 0 |a Zur syntaktischen Struktur des griechischen (Infinitiv und Nebensatz) /  |c Helena Kurzová 
250 |a 1. vyd. 
260 |a Praha :  |b Academia,  |c 1968 
300 |a 126 s. ;  |c 8° 
500 |a 1200 výt. 
504 |a Obsahuje bibliografii a rejstřík 
910 |a BOA001  |b 2-0602.037 
990 |a BK 
991 |b 201310 
996 7 |b 2619000916  |c 2-0602.037  |l HP2  |r DEN  |n 0  |w 001368388  |u 000010  |a 1  |e BOA001  |j MZK50  |s A